hunter - Statistics

General Stats
  • This quiz has been taken 2 times
  • The average score is 2 of 5
Answer Stats
Question Answer % Correct
What is Hunter best at all of the above
100%
Hunter likes... Losing in the daily quiz
50%
Hunter's grade in ACFP is... A
0%
What is hunters nickname Hunter Fartman
0%
Hunter eats... Mac and cheese with hot dogs and onions
0%
No matching quizzes found
Score Distribution
Percent of People with Each Score
Percentile by Number Answered
Your Score History
You have not taken this quiz